الصيغ والدالات في Excel 2010 / (رقم التسجيلة. 27825)

تفاصيل مارك
000 -الفاتح
حقل البيانات ثابتة الطول 00815nam a22002177a 4500
003 - محدد رقم الضبط
رقم الضبط OSt
005 - وقت وتاريخ اخر تعامل مع التسجيلة
رقم الضبط 20150408114117.0
008 - عناصر البيانات ثابتة الطول - معلومات عامة
حقل البيانات ثابتة الطول 130209s2012 sy ||||f |||| 00| 0 ara d
020 ## - الرقم الدولى المعيارى للكتب
الرقم الدولى المعيارى للكتاب 9789933132217
040 ## - مصدر الفهرسة
وكالة الفهرسة الأصلية MU
082 ## - رقم تصنيف ديوى العشرى
رقم الطبعة 21
رقم التصنيف 005.369
رقم المادة ش ل ص
110 2# - المدخل الرئيسى - إسم هيئة
اسم الهيئة أو اسم السلطة كمدخل شعاع للنشر والعلوم.
وحده ملحقة لجنة الترجمة والتأليف.
9 (RLIN) 14489
245 12 - بيان العنوان
العنوان الصيغ والدالات في Excel 2010 /
بيان المسئوليه,etc لجنة الترجمة والتأليف.
246 30 - العنوان الموازى
عنوان صحيح/عنوان مختصر Excel 2010
260 ## - PUBLICATION, DISTRIBUTION, ETC. (IMPRINT)
مكان الناشر او الموزع حلب، سوريا :
اسم الناشر او الموزع شعاع للنشر والعلوم،
تاريخ النشر أو التوزيع 2012.
300 ## - الوصف المادى
التعداد 876 ص. :
تفاصيل ماديه اخرى للوعاء إيض. ؛
أبعاد الوعاء 24 سم. +
المادة المصاحبة 1CD-ROM (43/4 IN.)
500 ## - تبصرة عامة
تبصرة عامة ملاحق : ص. 809-854.
630 #4 - المدخل الاضافى بالموضوع - عنوان موحد
عنوان موحد مايكروسوفت إكسل
9 (RLIN) 15529
650 #4 - المدخل الاضافى بالموضوع-مصطلح موضوعى
مصطلح موضوعي أو اسم جغرافي كعنصر مدخل جداول البيانات الإلكترونية
942 ## - عناصر المدخل الإضافي( كوها)
مصدر التصنيف او مخطط الترفيف Dewey Decimal Classification
Koha [default] item type DVD
المقتنيات
حالة الفقد نموذج السعر الفعال حالة تلف ليس للاعارة رقم الطلب رقم النسخة تاريخ الاكتساب الموقع الحالي الباركود الفرع الرئيسي Date last seen نوع المادة فى نظام كوها مصدر التصنيف او خطة الترفيف Total Checkouts Date last checked out
  2013-03-10     005.369 ش ل ص ن 1 2013-02-09 المكتبة المركزية بالمجمعة (CL) 00111163 المكتبة المركزية بالمجمعة (CL) 2013-03-10 كتاب Dewey Decimal Classification    
  2013-03-10     005.369 ش ل ص ن 2 2013-02-09 المكتبة المركزية بالمجمعة (CL) 00111164 المكتبة المركزية بالمجمعة (CL) 2013-03-10 كتاب Dewey Decimal Classification    
  2013-03-10     005.369 ش ل ص ن 3 2013-02-09 المكتبة المركزية بالمجمعة (CL) 00111165 المكتبة المركزية بالمجمعة (CL) 2013-03-10 كتاب Dewey Decimal Classification    
  2013-03-10     005.369 ش ل ص ن 1 2013-02-09 قسم الاجراءات الفنية (IC) 00111160 قسم الاجراءات الفنية (IC) 2013-03-10 كتاب Dewey Decimal Classification    
  2013-03-10     005.369 ش ل ص ن 2 2013-02-09 قسم الاجراءات الفنية (IC) 00111161 قسم الاجراءات الفنية (IC) 2013-03-10 كتاب Dewey Decimal Classification    
  2013-03-10     005.369 ش ل ص ن 1 2013-02-09 مكتبة كلية التربية بالزلفى - طالبات (EZF) 00111162 مكتبة مجمع الكليات بالزلفى - طلاب (SZM) 2015-11-23 كتاب Dewey Decimal Classification 1 2015-11-12
  2013-03-10     005.369 ش ل ص ن 2 2013-02-09 مكتبة مجمع الكليات بالزلفى - طلاب (SZM) 00111166 مكتبة مجمع الكليات بالزلفى - طلاب (SZM) 2018-01-07 كتاب Dewey Decimal Classification 1 2018-01-07